[Event "DVM 2005 u20"]
[Site "Berlin"]
[Date "2005.12.28"]
[Round "4.1"]
[White "Pilgram, Alexander"]
[Black "Stellwagen, Robin"]
[Result "1/2-1/2"]
[WhiteElo "1922"]
[BlackElo "2167"]
[PlyCount "120"]
[EventDate "2000.??.??"]

1. e4 c5 2. Nc3 Nc6 3. g3 g6 4. d3 Bg7 5. Be3 d6 6. Bg2 e6 7. Qd2 Nge7 8. h4
Nd4 9. Nd1 Rb8 10. c3 Ndc6 11. Ne2 Ne5 12. O-O O-O 13. Rc1 b5 14. f4 Ng4 15. d4
Qc7 16. Nf2 Nxe3 17. Qxe3 a5 18. Kh2 Ba6 19. Rfd1 Rfd8 20. a3 c4 21. g4 d5 22.
e5 b4 23. axb4 axb4 24. Ng3 bxc3 25. bxc3 Rb2 26. Rd2 Rdb8 27. Rcc2 Rxc2 28.
Rxc2 Nc6 29. f5 Rb3 30. Qd2 Qd8 31. Kh3 Bc8 32. fxg6 fxg6 33. g5 Nxe5 34. dxe5
Bxe5 35. Ng4 Bg7 36. Ne4 e5 37. Nef6+ Bxf6 38. Qxd5+ Qxd5 39. Bxd5+ Kf8 40.
gxf6 h5 41. Bxc4 Bxg4+ 42. Kg3 Rb6 43. f7 Be6 44. Bxe6 Rxe6 45. Kf3 Kxf7 46.
Ke4 g5 47. hxg5 Kg6 48. Rg2 h4 49. c4 Rc6 50. Kd5 Rc8 51. c5 h3 52. Rh2 Rh8 53.
Kxe5 Kxg5 54. c6 Kg4 55. c7 Kg3 56. Rh1 Kg2 57. Rc1 h2 58. Kd6 Rc8 59. Kd7
Rxc7+ 60. Kxc7 h1=Q 1/2-1/2

[Event "DVM 2005 u20"]
[Site "Berlin"]
[Date "2005.12.28"]
[Round "4.2"]
[White "Möller, Hendrik"]
[Black "Rudnik, Kirill"]
[Result "1-0"]
[WhiteElo "2160"]
[BlackElo "1877"]
[PlyCount "49"]
[EventDate "2000.??.??"]

1. e4 e5 2. Nf3 Nc6 3. Bb5 a6 4. Ba4 Nf6 5. O-O b5 6. Bb3 Be7 7. Re1 O-O 8. a4
b4 9. c3 Rb8 10. d4 bxc3 11. bxc3 exd4 12. e5 dxc3 13. exf6 Bxf6 14. Bc2 Nb4
15. Ra3 d5 16. Nxc3 Bg4 17. Bb1 Qd6 18. Rb3 c5 19. Ne4 Qc6 20. Nxf6+ Qxf6 21.
Bg5 Bxf3 22. Bxf6 Bxd1 23. Rg3 Rb6 24. Rxg7+ Kh8 25. Rxh7+ 1-0

[Event "DVM 2005 u20"]
[Site "Berlin"]
[Date "2005.12.28"]
[Round "4.3"]
[White "Karmann, Alexander"]
[Black "Schnock, Stefan"]
[Result "0-1"]
[WhiteElo "1816"]
[BlackElo "2030"]
[PlyCount "68"]
[EventDate "2000.??.??"]

1. e4 e5 2. Nf3 Nc6 3. Bc4 Bc5 4. d3 h6 5. Be3 Bb6 6. c3 Nf6 7. Nbd2 d5 8. exd5
Nxd5 9. Bxb6 axb6 10. O-O O-O 11. Re1 Nf4 12. Nb3 Qf6 13. Re3 Bg4 14. d4 Rad8
15. Qe1 exd4 16. Nbxd4 Qg6 17. Bf1 Nxd4 18. Nxd4 c5 19. Nf3 Qc2 20. Qb1 Qxb1
21. Rxb1 Rfe8 22. Rxe8+ Rxe8 23. Rd1 Nh3+ 24. gxh3 Bxf3 25. Rd2 Re1 26. b3 Kh7
27. c4 Kg6 28. Rd6+ Kg5 29. Rxb6 Kf4 30. b4 Be2 31. Rxb7 f5 32. bxc5 Bxf1 33.
f3 Kxf3 34. Rb3+ Bd3# 0-1

[Event "DVM 2005 u20"]
[Site "Berlin"]
[Date "2005.12.28"]
[Round "4.4"]
[White "Stejskal, Janina Maria"]
[Black "Senay, Baris"]
[Result "1/2-1/2"]
[WhiteElo "2045"]
[BlackElo "1852"]
[PlyCount "97"]
[EventDate "2000.??.??"]

1. e4 c5 2. Nf3 d6 3. d3 Nc6 4. g3 g6 5. Bg2 Bg7 6. O-O e6 7. Re1 Nge7 8. Nbd2
b6 9. Nf1 Bb7 10. h4 Qc7 11. N1h2 Rc8 12. Ng4 h5 13. Ne3 Nd4 14. Ng5 e5 15. Bh3
Rb8 16. c3 Ndc6 17. Nd5 Nxd5 18. exd5 Ne7 19. Qa4+ b5 20. Qxb5+ Bc6 21. Qc4
Bxd5 22. Qa4+ Bc6 23. Qd1 Bd7 24. Bxd7+ Qxd7 25. Ne4 O-O 26. Rb1 Nd5 27. Bg5 f6
28. Bd2 f5 29. Ng5 f4 30. Qf3 Nf6 31. gxf4 Nh7 32. Qd5+ Kh8 33. Qe6 Qxe6 34.
Nxe6 Rfe8 35. Nxg7 Kxg7 36. fxe5 dxe5 37. f4 Rbd8 38. Re3 e4 39. d4 Nf6 40.
Rbe1 Kf7 41. R1e2 cxd4 42. cxd4 Rxd4 43. Bc3 Rd1+ 44. Kg2 Ke6 45. Kg3 Rg1+ 46.
Kf2 Rh1 47. Bxf6 Kxf6 48. Kg2 Rd1 49. Rxe4 1/2-1/2

[Event "DVM 2005 u20"]
[Site "Berlin"]
[Date "2005.12.28"]
[Round "4.5"]
[White "Guefen, Daniel"]
[Black "Salenko, Vadym"]
[Result "1-0"]
[WhiteElo "1740"]
[BlackElo "2005"]
[PlyCount "51"]
[EventDate "2000.??.??"]

1. e4 c5 2. Nf3 Nc6 3. Bb5 d6 4. O-O e5 5. h3 Be7 6. c3 Nf6 7. d4 Qb6 8. Bxc6+
Qxc6 9. Re1 exd4 10. cxd4 O-O 11. Nc3 b5 12. Bg5 b4 13. Nd5 Re8 14. Nxe7+ Rxe7
15. e5 dxe5 16. dxe5 Rd7 17. Qc2 Nd5 18. e6 Rc7 19. exf7+ Rxf7 20. Ne5 Bf5 21.
Qc4 Qe6 22. Nxf7 Qxf7 23. Re5 Be6 24. Rae1 Rf8 25. Rxe6 Qxf2+ 26. Kh1 1-0

[Event "DVM 2005 u20"]
[Site "Berlin"]
[Date "2005.12.28"]
[Round "4.6"]
[White "Müller, Philipp"]
[Black "Schehl, Michael"]
[Result "1-0"]
[WhiteElo "1994"]
[BlackElo "1653"]
[PlyCount "95"]
[EventDate "2000.??.??"]

1. d4 d5 2. c4 c6 3. Nc3 Nf6 4. Bg5 Nbd7 5. e3 g6 6. Rc1 e6 7. Nf3 Bg7 8. cxd5
exd5 9. Bd3 O-O 10. O-O Qb6 11. Qc2 Re8 12. Rb1 Qb4 13. a3 Qd6 14. b4 a6 15. a4
b5 16. a5 Bb7 17. h3 Rac8 18. Bf4 Qe7 19. Nd2 Nh5 20. Bh2 f5 21. Ne2 Nhf6 22.
Nf4 Ne4 23. Be2 Ndf6 24. Nd3 Nxd2 25. Qxd2 Nd7 26. Rfe1 Qe4 27. Bd1 Qe7 28. Bc2
Bh6 29. Bf4 Bg7 30. f3 Bf6 31. Nf2 Qg7 32. Rbc1 Re6 33. e4 fxe4 34. fxe4 Rce8
35. e5 Bd8 36. Bh6 Qe7 37. Rf1 Bc8 38. Ng4 Bb7 39. Rf3 Qh4 40. Kh2 g5 41. Bxh7+
Kxh7 42. Rf7+ Kg8 43. Rxd7 Bc8 44. Rxd8 Rxd8 45. Bxg5 Qh8 46. Bxd8 Rg6 47. Ne3
Qh5 48. Rf1 1-0

[Event "DVM 2005 u20"]
[Site "Berlin"]
[Date "2005.12.28"]
[Round "4.1"]
[White "Krutwig, Longlong"]
[Black "Seiler, Sascha"]
[Result "0-1"]
[WhiteElo "2193"]
[BlackElo "2043"]
[PlyCount "48"]
[EventDate "2000.??.??"]

1. d4 Nf6 2. Nc3 c5 3. e3 d5 4. Nf3 Nc6 5. Bd3 Bg4 6. Be2 e6 7. O-O Rc8 8. Re1
cxd4 9. exd4 Bb4 10. Bd2 O-O 11. a3 Bxc3 12. bxc3 Ne4 13. Rb1 b6 14. h3 Bh5 15.
Bd3 Nxd2 16. Qxd2 Bxf3 17. gxf3 Na5 18. Qf4 Qf6 19. Qg3 Rxc3 20. Re5 Nc4 21.
Rg5 Nd2 22. Rg4 Nxb1 23. Rf4 Qe7 24. Qg4 f5 0-1

[Event "DVM 2005 u20"]
[Site "Berlin"]
[Date "2005.12.28"]
[Round "4.2"]
[White "Bissbort, Julian"]
[Black "Krug, Kevin"]
[Result "1/2-1/2"]
[WhiteElo "2034"]
[BlackElo "2111"]
[PlyCount "57"]
[EventDate "2000.??.??"]

1. e4 c6 2. d4 d5 3. exd5 cxd5 4. Bd3 Nf6 5. Nf3 e6 6. Bg5 Be7 7. Nbd2 O-O 8.
O-O Nbd7 9. c3 a6 10. Qc2 h6 11. Bh4 b5 12. Rae1 Bb7 13. Ne5 Rc8 14. f4 Nxe5
15. fxe5 Nd7 16. Bxe7 Qxe7 17. a3 Nb6 18. Re3 Nc4 19. Rg3 f5 20. exf6 Rxf6 21.
Rxf6 Qxf6 22. Rf3 Qe7 23. Nxc4 dxc4 24. Be4 Rf8 25. Rxf8+ Kxf8 26. Qf2+ Kg8 27.
Qf3 Bxe4 28. Qxe4 Qd6 29. Kf2 {(=)} 1/2-1/2

[Event "DVM 2005 u20"]
[Site "Berlin"]
[Date "2005.12.28"]
[Round "4.3"]
[White "Papaioannou, Dimitri"]
[Black "Geschnizjani, Ramin Tobias"]
[Result "1/2-1/2"]
[WhiteElo "2024"]
[BlackElo "1945"]
[PlyCount "42"]
[EventDate "2000.??.??"]

1. e4 c6 2. Nc3 d5 3. d4 dxe4 4. Nxe4 Nd7 5. Nf3 Ngf6 6. Bd3 Nxe4 7. Bxe4 Nf6
8. Bd3 e6 9. Bg5 Be7 10. O-O Qc7 11. c3 b6 12. Qc2 h6 13. Bh4 Bb7 14. Rad1 O-O
15. Rfe1 Rfd8 16. Bg3 Bd6 17. Be5 Bxe5 18. dxe5 Nd5 19. Bh7+ Kf8 20. Be4 c5 21.
a3 Ne7 {(=)} 1/2-1/2

[Event "DVM 2005 u20"]
[Site "Berlin"]
[Date "2005.12.28"]
[Round "4.4"]
[White "Luo, Xinping"]
[Black "Albers, Damian"]
[Result "0-1"]
[WhiteElo "1824"]
[BlackElo "1974"]
[PlyCount "134"]
[EventDate "2000.??.??"]

1. e4 Nc6 2. Nf3 g6 3. d4 Bg7 4. Bc4 d6 5. c3 Nf6 6. Nbd2 e5 7. O-O O-O 8. Re1
Bd7 9. Nf1 h6 10. dxe5 Nxe5 11. Nxe5 dxe5 12. Ng3 Bc6 13. Qxd8 Raxd8 14. f3 Rd7
15. Be3 Rfd8 16. Kf2 {(=)} Ne8 17. Bb3 Nd6 18. c4 Kh7 19. Bc5 b6 20. Bxd6 Rxd6
21. Red1 {(=)} Bf8 22. Rxd6 Bxd6 23. Rd1 Rf8 24. Bc2 Bd7 25. Ke2 Be6 26. b3 f5
27. Nf1 f4 28. Nd2 Bc5 29. Nb1 Bd4 30. Bd3 Kg7 31. Na3 c6 32. Nc2 Bc5 33. b4
Be7 34. Kd2 {(=)} g5 35. Kc3 h5 36. Be2 g4 37. a3 g3 38. hxg3 fxg3 39. Rh1 h4
40. Ne3 Bg5 41. Nf5+ Bxf5 42. exf5 Rxf5 43. Bd3 Rxf3 44. gxf3 g2 45. Rg1 h3 46.
f4 h2 47. Rxg2 h1=Q 48. Rxg5+ {(=)} Kf7 49. Rf5+ Ke6 50. Rxe5+ Kd6 51. Re4 Qa1+
52. Kb3 a5 53. bxa5 bxa5 54. a4 Qd1+ 55. Bc2 Qf3+ 56. Kb2 Kc5 57. Kb1 Kb4 58.
Rd4 c5 59. Rd3 Qxf4 60. Kb2 Qe5+ 61. Kb1 Kxc4 62. Ka2 Qe2 63. Ka3 Qxd3+ 64.
Bxd3+ Kxd3 65. Kb2 c4 66. Kb1 Kd2 67. Kb2 c3+ 0-1

[Event "DVM 2005 u20"]
[Site "Berlin"]
[Date "2005.12.28"]
[Round "4.5"]
[White "Rosenstein, Wadim"]
[Black "Witte, Stefan"]
[Result "0-1"]
[WhiteElo "1831"]
[BlackElo "1981"]
[PlyCount "76"]
[EventDate "2000.??.??"]

1. e4 c5 2. Nf3 e6 3. d4 cxd4 4. Nxd4 a6 5. Bd3 Qc7 6. Nc3 Nf6 7. O-O b5 8. Be3
Bb7 9. Qd2 b4 10. Nce2 Nxe4 11. Bxe4 Bxe4 12. Ng3 Bb7 13. Rac1 Nc6 14. c3 bxc3
15. Rxc3 Bb4 16. Rxc6 Qxc6 17. Nxc6 Bxd2 18. Bxd2 Bxc6 19. Bc3 f6 20. Rd1 Rb8
21. Ne2 Kf7 22. Nd4 Bd5 23. a3 Bc4 24. f3 g6 25. Rd2 Rhc8 26. Nc2 d5 27. f4 Rb7
28. Ne3 h5 29. Nc2 Re7 30. Ne1 e5 31. fxe5 fxe5 32. Nf3 d4 33. Bb4 Ree8 34.
Ng5+ Kg7 35. Ne4 Rc6 36. Nd6 Rb8 37. Rc2 Bd5 38. Re2 Rd8 0-1

[Event "DVM 2005 u20"]
[Site "Berlin"]
[Date "2005.12.28"]
[Round "4.6"]
[White "Tschlatscher, Thomas"]
[Black "Jovanovic, Valter"]
[Result "1/2-1/2"]
[WhiteElo "1742"]
[BlackElo "1573"]
[PlyCount "167"]
[EventDate "2000.??.??"]

1. e4 c5 2. c3 Nf6 3. e5 Nd5 4. d4 e6 5. Nf3 cxd4 6. cxd4 d6 7. Bb5+ Bd7 8.
Bxd7+ Nxd7 9. O-O dxe5 10. dxe5 Bc5 11. Nbd2 O-O 12. Ne4 Be7 13. Bg5 Bxg5 14.
Nexg5 Nxe5 15. Re1 Nxf3+ 16. Nxf3 Qb6 17. Qa4 Qb4 18. Qxb4 Nxb4 19. Re4 Nd5 20.
Rd1 Rac8 21. Nd4 Nf6 22. Re3 Rfd8 23. Red3 e5 24. Ne2 Rxd3 25. Rxd3 h6 26. Rc3
Rd8 27. Ng3 Rd1+ 28. Nf1 Ne4 29. Rc2 Kf8 30. f3 Ng5 31. Kf2 Rd7 32. Ne3 f6 33.
b4 Ne6 34. a3 Kf7 35. g3 Nd4 36. Rd2 Ke6 37. Nc2 b6 38. h4 g5 39. hxg5 hxg5 40.
f4 gxf4 41. gxf4 Nxc2 42. f5+ Ke7 43. Rxc2 Kd6 44. b5 Rc7 45. Rd2+ Ke7 46. Ke3
Rc3+ 47. Ke4 Rxa3 48. Kd5 Rc3 49. Rh2 Rc5+ 50. Ke4 Rxb5 51. Rh7+ Kf8 52. Rxa7
Rb4+ 53. Kd5 e4 54. Ke6 e3 55. Rf7+ Kg8 56. Kxf6 Re4 57. Rg7+ Kf8 58. Rh7 Ke8
59. Rh1 e2 60. Re1 b5 61. Kg6 Rg4+ 62. Kh5 Re4 63. Kg6 Rg4+ 64. Kh5 Rg2 65. Kh4
Kf7 66. Kh3 Rf2 67. Kg3 Rxf5 68. Rxe2 Kf6 69. Rf2 Rxf2 70. Kxf2 Ke5 71. Ke3 Kd5
72. Kd3 b4 73. Kc2 Kc4 74. Kb2 b3 75. Kb1 Kc3 76. Kc1 Kb4 77. Kb2 Ka4 78. Kb1
Ka3 79. Ka1 Kb4 80. Kb2 Kc4 81. Kb1 Kc3 82. Kc1 b2+ 83. Kb1 Kc4 84. Kxb2
1/2-1/2

[Event "DVM 2005 u20"]
[Site "Berlin"]
[Date "2005.12.28"]
[Round "4.1"]
[White "Süß, Stefan"]
[Black "Koch, Moritz"]
[Result "0-1"]
[WhiteElo "2021"]
[BlackElo "2228"]
[PlyCount "60"]
[EventDate "2000.??.??"]

1. d4 f5 2. c4 Nf6 3. Nc3 d6 4. Nf3 g6 5. g3 Bg7 6. Bg2 O-O 7. O-O Qe8 8. d5 a5
9. Re1 Na6 10. e4 fxe4 11. Nxe4 Nxe4 12. Rxe4 Nc5 13. Re1 Qf7 14. Qe2 Bg4 15.
Ng5 Bxe2 16. Nxf7 Bxc4 17. Nh6+ Kh8 18. Rxe7 Rae8 19. Nf7+ Kg8 20. Nh6+ Bxh6
21. Rxe8 Rxe8 22. Bxh6 a4 23. Bf3 Nd3 24. Be3 Nxb2 25. Rb1 a3 26. Bd4 b5 27.
Rc1 Nd3 28. Rc3 Nb2 29. Rc1 Re7 30. Kg2 Nd3 0-1

[Event "DVM 2005 u20"]
[Site "Berlin"]
[Date "2005.12.28"]
[Round "4.2"]
[White "Lauer, Moritz"]
[Black "Borel, Markus"]
[Result "1-0"]
[WhiteElo "2233"]
[BlackElo "1965"]
[PlyCount "59"]
[EventDate "2000.??.??"]

1. e4 b6 2. d4 Bb7 3. Bd3 e6 4. Nf3 c5 5. c3 Nf6 6. Qe2 Be7 7. O-O Nc6 8. a3 d6
9. e5 dxe5 10. dxe5 Nd7 11. Bc2 h5 12. Nbd2 g5 13. Nc4 g4 14. Nfd2 Qc7 15. f4
gxf3 16. Nxf3 O-O-O 17. Bf4 Rdg8 18. Rad1 Rg4 19. Ne1 Rhg8 20. h3 Rh4 21. Qe3
Rxf4 22. Qxf4 Ncxe5 23. Nxe5 Nxe5 24. Be4 Bd6 25. Bxb7+ Kxb7 26. Nf3 Nxf3+ 27.
Qxf3+ Kb8 28. Qxf7 Qxf7 29. Rxf7 Bg3 30. Rdd7 1-0

[Event "DVM 2005 u20"]
[Site "Berlin"]
[Date "2005.12.28"]
[Round "4.3"]
[White "Müller, Mathias"]
[Black "Lowitz, Torsten"]
[Result "1/2-1/2"]
[WhiteElo "1827"]
[BlackElo "2117"]
[PlyCount "90"]
[EventDate "2000.??.??"]

1. e4 c5 2. c3 g6 3. d4 cxd4 4. cxd4 d5 5. exd5 Nf6 6. Nf3 Bg7 7. Nc3 O-O 8.
Bc4 Nbd7 9. O-O Nb6 10. Bb3 Nbxd5 11. Bg5 Bg4 12. Re1 Rc8 13. Rc1 Nxc3 14. bxc3
Qa5 15. Bxf6 Bxf6 16. Qd3 Rfd8 17. h3 Bxf3 18. Qxf3 b5 19. Rxe7 Bxe7 20. Qxf7+
Kh8 21. Qxe7 Qc7 22. Qe3 Rf8 23. c4 bxc4 24. Rxc4 {(=)} Qd6 25. Rxc8 Rxc8 26.
d5 a6 27. g3 Rc7 28. Kg2 Re7 29. Qc3+ Kg8 30. Qc8+ Kg7 31. Qc3+ Qe5 32. Qc5 Rc7
33. Qb6 Qe4+ 34. Kh2 Rc1 35. Qa7+ Kf8 36. g4 Qh1+ 37. Kg3 Rc3+ 38. Kf4 Qc1+ 39.
Ke5 Qg5+ 40. Ke6 Qf4 41. Qxh7 Qe4+ 42. Kd6 {(=)} Rf3 43. Qh8+ Kf7 44. Kc5 g5
45. d6+ Kg6 {(=)} 1/2-1/2

[Event "DVM 2005 u20"]
[Site "Berlin"]
[Date "2005.12.28"]
[Round "4.6"]
[White "Hennch, Thomas"]
[Black "Nemeth-Csoka, Mihaly"]
[Result "0-1"]
[WhiteElo "1039"]
[BlackElo "1455"]
[PlyCount "90"]
[EventDate "2000.??.??"]

1. e4 e6 2. d4 d5 3. exd5 exd5 4. Bd3 Bd6 5. Nc3 c6 6. Nf3 Ne7 7. O-O O-O 8.
Bg5 Qc7 9. h3 h6 10. Bd2 Bf5 11. Bxf5 Nxf5 12. g3 Bxg3 13. Qe1 Bd6 14. Ne2 Nd7
15. Bb4 Nf6 16. Bxd6 Nxd6 17. Ne5 Rfe8 18. Kh1 Nd7 19. Rg1 Nxe5 20. dxe5 Rxe5
21. Qc3 Nb5 22. Qd2 Rh5 23. Qe3 Qd7 24. Rg3 Re8 25. Qf3 Rg5 26. Rxg5 hxg5 27.
Nc3 Nxc3 28. Qxc3 Re4 29. Rg1 Qf5 30. Qg3 Rh4 31. Kh2 Qf4 32. Qxf4 Rxf4 33. Kg3
f6 34. Re1 Kf7 35. f3 Rd4 36. Re3 Rb4 37. Ra3 a6 38. b3 Ke6 39. c3 Rf4 40. Ra5
Kd6 41. a3 g6 42. Kf2 f5 43. Kg3 Rh4 44. Kh2 g4 45. Kg3 Rxh3+ 0-1